| 000 | 00798nam a2200229 a 4500 | ||
|---|---|---|---|
| 999 |
_c4194 _d4194 |
||
| 001 | 4194 | ||
| 003 | BD-JhCC | ||
| 005 | 20171128123735.0 | ||
| 008 | 171123s2 bg |||| ||a| 001 0 ben d | ||
| 020 | _a9844105757 | ||
| 035 | _a(BD-JhCC) 4194 | ||
| 040 |
_aBD-JhCC _dBD-JhCC |
||
| 041 | _aben | ||
| 082 |
_a9549205 _bNUR 2007 |
||
| 100 | _aনূরুজ্জামান, মোহাম্মদ | ||
| 245 |
_aবাংলাদেশের জেলা-উপজেলার নামকরণ ও ঐতিহ্য / _cমোহাম্মদ নূরুজ্জামান |
||
| 260 |
_aঢাকা : _bমাওলা ব্রাদার্স ঢাকা , _c2007 |
||
| 300 |
_a397 p .: _c22 cm . |
||
| 650 | _aHeritage site Bangladesh | ||
| 942 |
_2ddc _cBK |
||